Programa de la Junta de Gobierno de Reconstrucción Nacional de Nicaragua
Contiene el Programa d ela Junta de Gobierno de Reconstrucción Nacional de Nicaragua
Enregistré dans:
| Collectivité auteur: | |
|---|---|
| Format: | Livre |
| Langue: | Spanish |
| Publié: |
México
Banco Nacional de Comercio Exterior S.A. Departamento de publicaciones
|
| Sujets: | |
| Tags: |
Ajouter un tag
Pas de tags, Soyez le premier à ajouter un tag!
|
MARC
| LEADER | 00000nam a22000007a 4500 | ||
|---|---|---|---|
| 003 | cru CRAI/ IIS | ||
| 005 | 20211124144950.0 | ||
| 007 | ta | ||
| 008 | 211124b1979 mx ||||| |||| 00| 0 spa d | ||
| 040 | |c CRAI/ IIS | ||
| 090 | |a REV0324 24(8) 1979 | ||
| 110 | 1 | |9 3215 |a Banco Nacional de Comercio Exterior. |b Departamento de Publicaciones | |
| 245 | |a Programa de la Junta de Gobierno de Reconstrucción Nacional de Nicaragua | ||
| 260 | |a México |b Banco Nacional de Comercio Exterior S.A. Departamento de publicaciones | ||
| 310 | |a mensual | ||
| 520 | |a Contiene el Programa d ela Junta de Gobierno de Reconstrucción Nacional de Nicaragua | ||
| 650 | 0 | |9 5164 |a REVOLUCION SANDINISTA | |
| 650 | 0 | |9 3323 |a PROGRAMAS DE DESARROLLO | |
| 942 | |2 z |c PP | ||
| 999 | |c 43981 |d 43981 | ||
| 773 | 0 | |0 18962 |9 6369 |a Banco Nacional de Comercio Exterior. |d México, D.F Banco Nacional de Comercio Exterior. Departamento de Publicaciones |o 21781 |t Comercio Exterior : | |
